Helsingin kaupunginosat - Statistics

Yleistilastot
  • Tätä visaa on pelattu 84 kertaa
  • Keskiarvotulos 14 / 56
Vastaustilastot
Vastaus % Oikein
etu-töölö
60%
kallio
58%
taka-töölö
57%
eira
55%
punavuori
55%
kamppi
54%
vuosaari
52%
malmi
48%
sörnäinen
48%
munkkiniemi
46%
ullanlinna
46%
pasila
45%
lauttasaari
43%
herttoniemi
40%
vallila
37%
oulunkylä
35%
kulosaari
34%
käpylä
32%
viikki
31%
meilahti
29%
laajasalo
28%
ruskeasuo
28%
mellunkylä
26%
katajanokka
23%
kluuvi
23%
pukinmäki
23%
suomenlinna
23%
konala
22%
mustikkamaa
22%
pitäjänmäki
22%
alppiharju
20%
kaartinkaupunki
18%
kruununhaka
18%
kaivopuisto
17%
kumpula
17%
pakila
17%
hermanni
15%
koskela
15%
länsisatama
15%
vartiokylä
15%
laakso
14%
toukola
12%
suutarila
11%
suurmetsä
9%
tapaninkylä
9%
kaarela
8%
östersundom
8%
santahamina
8%
tuomarinkylä
8%
tammisalo
6%
villinki
6%
karhusaari
5%
talosaari
5%
ultuna
5%
vartiosaari
3%
salmenkallio
2%
Ehtoja vastaavia visoja ei löytynyt
Tulosjakauma
Jokaisen tuloksen saaneiden osuus
Persentiili vastausten määrän mukaan
Tuloshistoriasi
Et ole pelannut tätä visaa